Harry Potter Villains Quiz - Statistics

General Stats
  • This quiz has been taken 184 times
  • The average score is 12 of 15
Answer Stats
Hint Answer % Correct
The Dark Lord Voldemort
99%
Harry's school rival Draco Malfoy
94%
Dobby's former master Lucius Malfoy
94%
The Dark Lord's Snake Nagini
94%
Deranged witch that escaped Azkaban Bellatrix Lestrange
90%
Draco's cronies, Crabbe and ___ Goyle
90%
Rat Animagus Peter Pettigrew
89%
Likes pink, assumes headmistress role Dolores Umbridge
87%
Azkaban Prison Guards Dementors
84%
Polyjuiced person that plotted to resurrect Voldemort Barty Crouch Jr
73%
Incompetent, fraudulent Defense teacher Gilderoy Lockhart
72%
Werewolf that turned Remus into a werewolf Fenrir Greyback
71%
Possessed DADA professor Quirinus Quirrell
71%
Killed Remus Lupin Antonin Dolohov
46%
Placed Pius Thicknesse under the imperio curse Corban Yaxley
36%
No matching quizzes found
Score Distribution
Percent of People with Each Score
Percentile by Number Answered
Your Score History
You have not taken this quiz